Z JAKIMI REPREZENTACJAMI POLSKA ODNOSIŁA NAJWYŻSZE ZWYCIĘSTWA? - Statystyki

Ogólne statystyki
  • Ten quiz został rozwiązany 405 razy
  • Średni wynik to 2 z 6
Statystyki odpowiedzi
Hint Odpowiedź % Poprawnych
1. SAN MARINO
98%
3. FINLANDIA
28%
6. NORWEGIA
26%
2. AZERBEJDŻAN
17%
5. TURCJA
17%
4. MAROKO
5%
Nie znaleziono quizów pasujących do podanych kryteriów
Rozkład punktacji
Procent ludzi z każdym wynikiem
Percentyl według liczby udzielonych odpowiedzi
Twoja historia wyników
Nie rozwiązałeś tego quizu